000 01143nam a22002657a 4500
001 7943
003 FISKH
005 20250814114143.0
008 250814b cb ||||| |||| 00| 0 eng d
020 _a9781571454393
040 _aFISKH
_beng
_cFISKH
_dFISKH
050 _aPZ7
082 _a428.1
100 _aAnonymous
245 _aTimothy flies South :
_bLearn about the opposites as you read the story stickers and a press-out model add to the fun! /
260 _aSan Diego :
_bSilver Dolphin Books,
_c1999.
300 _a36 unnumbered pages :
_bcolor illustrations ;
_c21 cm
505 _aE
520 _aTimothy, a colorful toucan, notices the weather turning cold and decides to fly south to find warmth. On his journey, he experiences and points out different opposites—such as night and day, high and low, and long and short. Once he reaches his sunny island, he enjoys the warm weather but also remembers his friends back home.
521 8 _a300
_bLexile estimate
521 8 _aF
_bRaz-Plus
650 _aEarly learning
_vInteractive activities
_xPicture book
942 _2ddc
_cBK
_n0
999 _c7943
_d7943